Finanzwissenschaft (Record no. 5424)

MARC details
000 -CABECERA
campo de control de longitud fija 00583nam a2200217 a 4500
001 - NÚMERO DE CONTROL
campo de control BRCA_5734
005 - FECHA Y HORA DE LA ÚLTIMA TRANSACCIÓN
campo de control 20190320205209.0
008 - DATOS DE LONGITUD FIJA--INFORMACIÓN GENERAL
campo de control de longitud fija 040311s1908----gw-######s---#001-0#ger-#
041 ## - CÓDIGO DE LENGUA
Código de lengua del texto/banda sonora o título independiente ger
044 ## - CÓDIGO DEL PAÍS DE LA ENTIDAD EDITORA/PRODUCTORA
Código MARC del país gw
050 #4 - SIGNATURA TOPOGRÁFICA DE LA BIBLIOTECA DEL CONGRESO
Número de clasificación HG161
Número de documento/Ítem .B67 1908
100 1# - ENTRADA PRINCIPAL--NOMBRE DE PERSONA
Nombre de persona Borght, R. van der
9 (RLIN) 14549
245 10 - MENCIÓN DE TÍTULO
Título Finanzwissenschaft
Resto del título Il Befonderer Teil
Mención de responsabilidad, etc. R. van der Borght.
260 ## - PUBLICACIÓN, DISTRIBUCIÓN, ETC.
Lugar de publicación, distribución, etc. Leipzig
Nombre del editor, distribuidor, etc. Berlagshandlung
Fecha de publicación, distribución, etc. 1908
300 ## - DESCRIPCIÓN FÍSICA
Extensión 156 p.
Dimensiones 15 cm.
500 ## - NOTA GENERAL
Nota general Incluye índice alfabético y glosario
500 ## - NOTA GENERAL
Nota general H52
650 14 - PUNTO DE ACCESO ADICIONAL DE MATERIA--TÉRMINO DE MATERIA
Término de materia o nombre geográfico como elemento de entrada Finanzas
Subdivisión geográfica Leipzig
9 (RLIN) 14550
902 ## - CATALOGADOR
Iniciales GFM
942 ## - ELEMENTOS DE PUNTO DE ACCESO ADICIONAL (KOHA)
Fuente del sistema de clasificación o colocación Library of Congress Classification
Tipo de ítem Koha Libros
Holdings
Estado de retiro Estado de pérdida Estado dañado No para préstamo Localización permanente Ubicación/localización actual Fecha de adquisición Número de inventario Total de préstamos Signatura topográfica completa Código de barras Fecha visto por última vez Precio válido a partir de Tipo de ítem Koha
El ejemplar forma parte de la colección y puede ser consultado según las políticas vigentes.       Biblioteca del Museo Franz Mayer (Rogerio Casas-Alatriste) Biblioteca del Museo Franz Mayer (Rogerio Casas-Alatriste) 04/03/2011 H52   HG161 .B67 1908 (H52) 6170 22/03/2019 22/03/2019 Libros